La grammatica dei conflitti (Record n. 210148)

Dettagli MARC
000 -LEADER
fixed length control field 01303nam a2200205Ia 4500
001 - CONTROL NUMBER
control field b6852-49052
003 - CONTROL NUMBER IDENTIFIER
control field IT-MiCISF
008 - FIXED-LENGTH DATA ELEMENTS--GENERAL INFORMATION
fixed length control field 161014s9999||||xx |||||||||||||| ||und||
040 ## - CATALOGING SOURCE
Original cataloging agency IT-MiCISF
Transcribing agency IT-MiCISF
041 ## - LANGUAGE CODE
Language code of text/sound track or separate title it
999 ## - SYSTEM CONTROL NUMBERS (KOHA)
Koha Dewey Subclass [OBSOLETE] si
100 ## - MAIN ENTRY--PERSONAL NAME
Personal name Novara Daniele
245 #0 - TITLE STATEMENT
Title La grammatica dei conflitti
Remainder of title L'arte maieutica di trasformare le contrarietà in risorse
250 ## - EDITION STATEMENT
Edition statement 1a ed.
260 ## - PUBLICATION, DISTRIBUTION, ETC. (IMPRINT)
Place of publication, distribution, etc. Casale Monferrato (AL)
Name of publisher, distributor, etc. Sonda
Date of publication, distribution, etc. 2011
300 ## - PHYSICAL DESCRIPTION
Extent pp. 191
500 ## - GENERAL NOTE
General note Sani F., Lertora F., Ragusa P. / educazione, conflitto, esperienze, scuola, famiglia, rapporti-interpersonali, coppia, mediazione, apprendimento, età-adulta / Il volume raccoglie vent'anni di esperienza e di lavoro sui conflitti. Grazie a una notevole quantità di situazioni (conflitti fra genitori e figli, sul lavoro, nella coppia, nelle convivenze sempre più interetniche, negli ambienti educativi) in questo saggio si analizzano gli aspetti e i tipi principali di conflitto, da quello intrapersonale a quello esterno; i contesti in cui sorge; gli aspetti culturali e sociali che aiutano a diffonderlo; la mediazione e la negoziazione come soluzioni per gestirlo e sfruttarlo a proprio vantaggio come risorsa.
650 ## - SUBJECT ADDED ENTRY--TOPICAL TERM
Topical term or geographic name as entry element Genitorialità e problemi educativi / educazione
Relator term 004
942 ## - ADDED ENTRY ELEMENTS (KOHA)
Koha item type LIBRO
957 ## -
-- 1
999 ## - SYSTEM CONTROL NUMBERS (KOHA)
-- 1
Dati di copia
Withdrawn status Lost status Damaged status Not for loan Home library Current library Date acquired Total Checkouts Full call number Date last seen Price effective from Koha item type Public note
    Buone Condizioni Not For Loan CISF - Milano CISF - Milano 14/10/2016   b6852-49052 14/10/2016 14/10/2016 LIBRO Data import 15.10.2016 / by Epidotti, Vaglietti
CREDITS: SOCIETA' SAN PAOLO Via A.Severo, 58 - ROMA (RM) & PERIODICI SAN PAOLO SRL Via Giotto, 36 MILANO & CISF Via Giotto, 36 MILANO & EDIZIONI SAN PAOLO SRL,  Piazza Soncino, 5 CINISELLO BALSAMO (MI) -- ITALY